| 000 | 00572nam a2200193 a 4500 | ||
|---|---|---|---|
| 001 | 000046630 | ||
| 005 | 20201002053020.0 | ||
| 008 | 180314s200- dr 000 0 spa d | ||
| 020 | _a9789945606072 | ||
| 040 |
_aDO-SdBNP _bspa _cBNPHU |
||
| 082 |
_axxxx _bR426L |
||
| 110 | 1 |
_aRepública Dominicana _9447 |
|
| 240 | 1 | 0 | _a[Leyes, etc.] |
| 245 | 1 | 0 | _aLey 224-84 . Sobre régimen penitenciario. |
| 260 |
_aSanto Domingo : _bDalis, _c[s.f]. |
||
| 300 |
_a40 p. ; _c21 cm. |
||
| 500 | _aDel 26 de junio de 1984, G. O. 9640 con anotaciones | ||
| 590 | _aInventariado, 2018/BT | ||
| 999 |
_c46119 _d46119 |
||